Movies Quiz

Random Movies or Actress Quiz
Score 0/31 Timer 10:00
0 Plays Today
% Correct
Julia Roberts
90.6%
Meryl Streep
90.1%
Charlize Theron
89.9%
Sandra Bullock
88.7%
Reese Witherspoon
87.4%
Judi Dench
87%
Helen Mirren
85.8%
Olivia Colman
83.5%
Hilary Swank
81.6%
Barbra Streisand
79.7%
Katharine Hepburn
78.1%
Allison Janney
77.8%
Nicole Kidman
76.6%
Jennifer Connelly
75.9%
Cate Blanchett
74.4%
Susan Sarandon
74.4%
% Correct
Sally Field
72.9%
Sissy Spacek
72.5%
Marion Cotillard
72.5%
Melissa Leo
70.9%
Jennifer Jones
63%
Alicia Vikander
57.8%
Anne Bancroft
56.9%
Maureen Stapleton
55.7%
Estelle Parsons
46.3%
Patty Duke
45.7%
Marcia Gay Harden
45.2%
Louise Rainer
42.3%
Susan Hayward
37.2%
Shelley Winters
36.4%
Joanne Woodward
30.1%
Remove Ads.
Support Sporcle.
Get the best of Sporcle when you Go Orange. This ad-free experience offers more features, more stats, and more fun while also helping to support Sporcle. Thank you for becoming a member.

You're not logged in!

Compare scores with friends on all Sporcle quizzes.
OR
Log In

Sporcle TV

Today on Sporcle TV


Watch our educational content, quiz creation guides, and fun videos on Sporcle TV.

Show Comments

Extras

Top Quizzes Today


Score Distribution

Paid Content

Your Account Isn't Verified!

In order to create a playlist on Sporcle, you need to verify the email address you used during registration. Go to your Sporcle Settings to finish the process.

Report this User

Report this user for behavior that violates our Community Guidelines.

Details: